Normal view MARC view

Entry Topical Term

Number of records used in: 1

001 - CONTROL NUMBER

  • control field: 20316

003 - CONTROL NUMBER IDENTIFIER

  • control field: OSt

005 - DATE AND TIME OF LATEST TRANSACTION

  • control field: 20260407211255.0

008 - FIXED-LENGTH DATA ELEMENTS

  • fixed length control field: 260407|| aca||aabn | a|a d

040 ## - CATALOGING SOURCE

  • Original cataloging agency: OSt
  • Transcribing agency: OSt

150 ## - HEADING--TOPICAL TERM

  • Topical term or geographic name entry element: Social media -- Economic aspects

670 ## - SOURCE DATA FOUND

  • Source citation: Work cat.: (OSt)5143: Callejo, Joy Jasmine H., author. 20314, An analysis of consumers' purchase decision for sports apparel using facebook marketplace among gen z in Rosario, Cavite /, 2023.